Find the Star: Asian Capitals Quiz Stats

 Plays Quiz Updated Mar 28, 2019

Score 0/49 Timer 01:00
7 Plays Today
% Correct
Beijing(2329)
91.1%
Tokyo(3671)
86.4%
Moscow(6741)
85.7%
New Delhi(3004)
83.7%
Bangkok(988)
76.7%
Seoul(2745)
74.3%
Jakarta(3030)
73.6%
Manila(1756)
72%
Singapore(2201)
71.7%
Ulaanbaatar(2991)
69.6%
Ankara(7114)
69.3%
Kuala Lumpur(2041)
68.7%
Nur-Sultan(4486)
68.6%
Pyongyang(2764)
68.3%
Taipei(1671)
68.2%
Tehran(5504)
68.2%
Phnom Penh(1059)
68.1%
Dhaka(1616)
68.1%
Islamabad(3515)
68%
Riyadh(6035)
67.9%
Vientiane(478)
67.6%
Kathmandu(2205)
67.5%
Kabul(3882)
66.9%
Baghdad(6154)
66.9%
Bishkek(3787)
66.5%
% Correct
Jerusalem(7026)
66.5%
Muscat(4871)
65.9%
Tashkent(4106)
65.9%
Sana'a(6512)
65.7%
Baku(5669)
65.7%
Abu Dhabi(5267)
65.7%
Doha(5542)
65.5%
Naypyidaw(1027)
65.4%
Thimphu(1791)
65.4%
Damascus(6899)
65.3%
Dili(3937)
65.3%
Amman(6956)
65.2%
Beirut(6964)
65%
Kuwait City(5844)
64.9%
Male(3966)
64.9%
Yerevan(6122)
64.8%
Tbilisi(6100)
64.8%
Ashgabat(4912)
64.6%
Dushanbe(4038)
64.6%
Bandar Seri Begawan(2047)
64.5%
Sri Jayawardenepura Kotte(3203)
64.5%
Manama(5623)
64.5%
Ramallah(7024)
64.4%
🌟 Hanoi 🌟
63.9%

You're not logged in!

Compare scores with friends on all Sporcle quizzes.
OR
Log In

Sporcle TV

Today on Sporcle TV


Watch our educational content, quiz creation guides, and fun videos on Sporcle TV.

Show Comments

Extras

Top Quizzes Today


Score Distribution

Your Account Isn't Verified!

In order to create a playlist on Sporcle, you need to verify the email address you used during registration. Go to your Sporcle Settings to finish the process.

Report this User

Report this user for behavior that violates our Community Guidelines.

Details: